2602-京都市交通局の駅 - Statistics

General Stats
  • This quiz has been taken 425 times
  • The average score is 25 of 32
Answer Stats
本線 % Correct
京都
96%
国際会館
95%
烏丸御池
94%
烏丸御池
94%
四条
93%
竹田
93%
五条
90%
六地蔵
90%
九条
88%
二条
88%
山科
87%
太秦天神川
86%
十条
83%
くいな橋
83%
御陵
80%
三条京阪
80%
北大路
78%
京都市役所前
78%
二条城前
78%
今出川
76%
蹴上
76%
丸太町
73%
北山
71%
東山
70%
醍醐
67%
松ヶ崎
64%
鞍馬口
63%
西大路御池
58%
椥辻
54%
石田
50%
小野
50%
東野
47%
No matching quizzes found
Score Distribution
Percent of People with Each Score
Percentile by Number Answered
Your Score History
You have not taken this quiz